000 00329nam a2200145Ia 4500
008 230718s9999 xx 000 0 und d
041 _aEng.
082 _a330.95
_bALR-D
100 _aAlrubat
245 0 _aDharti Ku Jay Ku ay
260 _aPakistan
_bJhamori Publishers
_c2015
300 _a107
650 _aLaw
999 _c31664
_d31664